000 00928nam0a22002771 4500
001 rc\4975912
005 20250613060508.0
021 _aRU
_b[60-23351]
035 _a(NLR Aleph) 008979154
090 _a9174454
_c9174454
100 _a20130430d1960 |||y0rusy50 ca
101 0 _arus
102 _aRU
105 _aa z |||||
200 1 _aПрипуски в деревообрабатывающих производствах
210 _aМосква
_aЛенинград
_cГослесбумиздат
_d1960
215 _a59 с.
_cчерт.
_d22
320 _aБиблиогр.: с. 58
606 _aДеревообработка
_xПрипуски
_2psbo
700 1 _aРодионов
_bС.В.
_gСергей Васильевич
701 1 _aЗонов
_bЕ.Г.
_gЕвгений Гаврилович
801 0 _aRU
_bNLR
_gpsbo
801 1 _aRU
_bELAR
_2rusmarc
852 _aNLR
_j60-6/2575
942 _cBOOK
980 _aNB